Tilastot visalle Sanat - "Yhtenä iltana" - Hector

Klikkaa tästä pelataksesi tätä visaa!

Yleistilastot

  • Tätä visaa on pelattu 81 kertaa
    (77 viimeisimmän päivityksen jälkeen)
  • Keskiarvotulos 99 / 142

Vastaustilastot

Vastaus% Oikein
iltana
100%
Yhtenä
100%
yhtenä
100%
ei
95%
paljon
95%
jois
92%
jos
92%
viiniä
92%
vois
85%
sanaakaan
74%
vaan
74%
ja
69%
ois
69%
pois
67%
lausuttais
64%
pelkonsa
64%
unohtaa
64%
koskettaa
62%
toista
62%
toinen
59%
tuntematon
59%
lupa
56%
auringon
49%
olis
49%
historiaa
46%
kuolemaa
44%
kuoleman
44%
loimutessa
41%
maailma
41%
pyörteestä
41%
vierasta
41%
aloittaa
38%
alusta
38%
lapsia
38%
aikuiset
36%
ilman
36%
nukkumaan
36%
kuunnella
33%
lapsuudesta
33%
maan
33%
mentäisi
33%
Jumalaa
31%
kauniita
31%
leikkiä
31%
liikkeitä
31%
sinfoniaa
31%
laulaa
28%
laulua
28%
taivaalla
28%
vieläkin
28%
ääniä
26%
kohdallaan
26%
tähtien
26%
paettais
23%
tuulia
23%
delfiinialtaassa
18%
vaisteltäis
18%
ihmiset
15%
jäis
15%
rakkauttaan
15%
tanssimaan
15%
vannoisi
15%

Tulosjakauma

Persentiili vastausten määrän mukaan

Jokaisen tuloksen saaneiden osuus

Tuloshistoriasi

Et ole pelannut tätä visaa sen viimeisimmän päivityksen jälkeen